banner-ar

عالمنا المتطور / (Record no. 42757)

MARC details
000 -الفاتح
حقل البيانات ثابتة الطول 00568nam a2200205Ia 4500
008 - عناصر البيانات ثابتة الطول - معلومات عامة
حقل البيانات ثابتة الطول 140319s9999 xx 000 0 ara d
040 ## - مصدر الفهرسة
وكالة الفهرسة الأصلية GCL /
وكالة النسخ GCL
082 04 - رقم تصنيف ديوى العشرى
رقم التصنيف 574.5
رقم المادة س ع
100 1# - المدخل الرئيسى - إسم شخصى
الإسم الشخصى ستامب، دولى
245 10 - بيان العنوان
العنوان عالمنا المتطور /
بيان المسئوليه,etc ستامب، دولى
700 1# - المدخل الاضافى - اسم شخصى
الإسم الشخصى محمود موسى
700 1# - المدخل الاضافى - اسم شخصى
الإسم الشخصى زكى الرشيدى
300 ## - الوصف المادى
التعداد 218 ص
490 ## - بيان السلسلة
عنوان السلسلة الالف كتاب
رقم المجلد/ التعيين التسلسلي 0
650 04 - المدخل الاضافى بالموضوع-مصطلح موضوعى
مصطلح موضوعي البيئة
650 04 - المدخل الاضافى بالموضوع-مصطلح موضوعى
مصطلح موضوعي البيئة والانسان
650 04 - المدخل الاضافى بالموضوع-مصطلح موضوعى
مصطلح موضوعي البيئة الحيوية
942 ## - عناصر المدخل الإضافي( كوها)
مصدر التصنيف او مخطط الترفيف Dewey Decimal Classification
Koha [default] item type كتاب
Holdings
حالة التراجع حالة الفقد حالة تلف ليس للاعارة المكان المؤقت الموقع الحالى تاريخ الاكتساب اجمالي اﻻعارات رقم الطلب الباركود تاريخ اخر مشاهدة تاريخ تفعيل السعر نوع وعاء كوها
        مكتبة القاهرة الكبرى مكتبة القاهرة الكبرى 03/26/2014   574.5\س ع 103310 03/26/2014 03/26/2014 كتاب
        مكتبة القاهرة الكبرى مكتبة القاهرة الكبرى 03/26/2014   574.5\س ع 103311 03/26/2014 03/26/2014 كتاب

Powered By

EGPV